|
|
|
|
| LEADER |
00587cam a2200169 7i4500 |
| 001 |
0000018551 |
| 005 |
20061122090000.0 |
| 020 |
0 |
0 |
|a 84-933978-1-4
|
| 090 |
0 |
0 |
|a MOZB 916.760452
|b MOZ
|
| 245 |
0 |
0 |
|a Mozambique :
|b the premier guidebook for business globe trotters :
|b the premier guidebook for business globe trotters :
|b 2004.
|
| 260 |
0 |
0 |
|a [S.l]:
|b Ebizguide,
|c 2004.
|
| 300 |
# |
# |
|a 241 p.
|
| 650 |
0 |
0 |
|a Business --
|z Mozambique
|
| 650 |
0 |
0 |
|a Tourism --
|z Mozambique
|
| 650 |
0 |
0 |
|a Mozambique --
|x Guidebooks
|
| 651 |
0 |
0 |
|a Mozambique
|
| 999 |
|
|
|a B000019320
|b Book
|c Countries
|e Business Information Centre
|